Monarchi italiani - Statistics

Statistiche generali
  • Questo quiz è stato fatto 214 volte
  • Il punteggio medio è 17 su 29
Statistiche sulle risposte
Regno Monarca % Corretto
1802-1821 Vittorio Emanuele I di Savoia
93%
1849-1861 Vittorio Emanuele II di Savoia
93%
1861-1878 Vittorio Emanuele II di Savoia
93%
1900-1946 Vittorio Emanuele III di Savoia
93%
1878-1900 Umberto I di Savoia
88%
1946-1946 Umberto II di Savoia
88%
1824-1847 Carlo I di Borbone-Parma
74%
1847-1849 Carlo II di Borbone-Parma
74%
1849-1854 Carlo III di Borbone-Parma
74%
1846-1878 Pio IX
70%
1800-1823 Pio VII
70%
1829-1830 Pio VIII
70%
1825-1830 Francesco I di Borbone
59%
1859-1861 Francesco II di Borbone
59%
1814-1846 Francesco IV d'Asburgo-Este
59%
1846-1859 Francesco V d'Asburgo-Este
59%
1759-1825 Ferdinando I di Borbone
57%
1830-1859 Ferdinando II di Borbone
57%
1814-1824 Ferdinando III d'Asburgo-Lorena
57%
1859-1860 Ferdinando IV d'Asburgo-Lorena
57%
1831-1849 Carlo Alberto di Savoia
54%
1823-1829 Leone XII
52%
1831-1846 Gregorio XVI
35%
1824-1859 Leopoldo II d'Asburgo-Lorena
33%
1821-1831 Carlo Felice di Savoia
31%
1814-1847 Maria Luigia d'Asburgo-Lorena
15%
1854-1859 Roberto I di Borbone-Parma
12%
1815-1824 Maria Luisa di Borbone-Spagna
10%
1815-1829 Maria Beatrice d'Este
6%
Nessun quiz corrispondente trovato
Distribuzione punteggi
Percentuale di utenti per punteggio
Percentile per numero di risposta
I tuoi punteggi nel tempo
Non hai fatto questo quiz